<?xml version="1.0" encoding="UTF-8"?>
<record
    xmlns:xsi="http://www.w3.org/2001/XMLSchema-instance"
    xsi:schemaLocation="http://www.loc.gov/MARC21/slim http://www.loc.gov/standards/marcxml/schema/MARC21slim.xsd"
    xmlns="http://www.loc.gov/MARC21/slim">

  <leader>03413cam a2200469   4500</leader>
  <controlfield tag="003">PE-LiUPU</controlfield>
  <controlfield tag="005">20250731173459.0</controlfield>
  <controlfield tag="008">       1993    xxua     a      a   eng  </controlfield>
  <datafield tag="020" ind1=" " ind2=" ">
    <subfield code="a">9023227131</subfield>
  </datafield>
  <datafield tag="035" ind1=" " ind2=" ">
    <subfield code="a">(Sirsi) i9789023227137</subfield>
  </datafield>
  <datafield tag="040" ind1=" " ind2=" ">
    <subfield code="a">PE-LiUPU</subfield>
    <subfield code="b">spa</subfield>
    <subfield code="c">PE-LiUPU</subfield>
    <subfield code="e">rda</subfield>
  </datafield>
  <datafield tag="082" ind1="0" ind2="4">
    <subfield code="a">270.1816</subfield>
    <subfield code="b">R942p</subfield>
    <subfield code="2">23</subfield>
  </datafield>
  <datafield tag="100" ind1=" " ind2=" ">
    <subfield code="a">Runia, David T.,</subfield>
    <subfield code="e">autor.</subfield>
    <subfield code="9">4521</subfield>
  </datafield>
  <datafield tag="245" ind1=" " ind2=" ">
    <subfield code="a">Philo in Early Christian Literature :</subfield>
    <subfield code="b">A survey /</subfield>
    <subfield code="c">David T. Runia.</subfield>
  </datafield>
  <datafield tag="264" ind1=" " ind2="1">
    <subfield code="a">Fortress Press, Minneapolis :</subfield>
    <subfield code="b">Van Gorcum, Assen,</subfield>
    <subfield code="c">1993</subfield>
  </datafield>
  <datafield tag="300" ind1=" " ind2=" ">
    <subfield code="a">418 p&#xE1;ginas ;</subfield>
    <subfield code="c">23 cent&#xED;metros.</subfield>
  </datafield>
  <datafield tag="336" ind1=" " ind2=" ">
    <subfield code="a">text</subfield>
    <subfield code="2">rdacontent</subfield>
  </datafield>
  <datafield tag="337" ind1=" " ind2=" ">
    <subfield code="a">unmediated</subfield>
    <subfield code="2">rdamedia</subfield>
  </datafield>
  <datafield tag="338" ind1=" " ind2=" ">
    <subfield code="a">volume</subfield>
    <subfield code="2">rdacarrier</subfield>
  </datafield>
  <datafield tag="490" ind1="0" ind2=" ">
    <subfield code="a">(Compendia Rerum Iudaicarum ad Novum Testamentum ;</subfield>
    <subfield code="v">3)</subfield>
  </datafield>
  <datafield tag="504" ind1=" " ind2=" ">
    <subfield code="a">Bibliograf&#xED;a : p&#xE1;ginas 357-392.</subfield>
  </datafield>
  <datafield tag="505" ind1="0" ind2=" ">
    <subfield code="a">How Philo became a church father honoris causa -- How Philo fared in later pagan tradition -- How Philo fared in later Jewish tradition -- How Philo&#xB4;s writings survived -- How Pilo lost his status as honorary church father -- Aim, scope and method of this study -- Main themes in Philo -- Synoptic presentations -- Some general perspectives on our theme -- Work in progress and tools of research -- A common background -- Paul -- The epistle to the Hebrews -- The gospel of John -- Results in Patristic perspective -- Two final examples -- Clement of Rome -- Ignatius of Antioch -- Epistle of Barnabas -- Aristides -- Justin Martyr -- Athenagoras -- Theopilus of Antioch -- Irenaeus -- The beginnings of Christianity in Alexandria -- Early documents -- The Christian Gnostic teachers -- Second century documents -- Conclusion -- The alexandrian catechetical school -- Foundations -- A recent study on the use of Philo in the Stromateis -- Other writings -- Other themes -- Clement&#xB4;s debt to Philo: an evaluative typology -- From Alexandria to Palestine -- Foundations -- Biblical interpretation -- Exegetical themes -- Philosophical and theological themes -- Spritual themes -- Origen, Philo, and Judaism -- Ps. Justin Cohortatio ad Graecos -- The theology of Arius -- Athanasius -- Didymus the Blind -- Isidore of Pelusium -- Continuations -- Eusebius in his context -- Historical works -- Apologetic and theological writings -- The subsequent history of the Eusebian Therapeutae -- Philo and the Easter controversies -- Basil of Caesarea -- Gregory of Nazianzus -- Gregory of Nyssa -- Nemesius of Emesa -- Biblical interpretation in the 4th century -- Continuations -- East and West, Greek and Latin -- Tertullian -- Calcidius -- Bishop and scholar -- Ambrose and Philo: extent of usage -- Ambrose and Philo: Quellenforschung -- Ambrose and Philo: appropriation and vigilance -- Remaining themes -- Philo in Milan -- Jerome -- Augustine -- Continuations -- Philo in the church fathers -- Pointers to further research -- Philo ludaeus inter cristianos.</subfield>
  </datafield>
  <datafield tag="526" ind1=" " ind2=" ">
    <subfield code="a">SEG42</subfield>
  </datafield>
  <datafield tag="526" ind1=" " ind2=" ">
    <subfield code="a">SEG41</subfield>
  </datafield>
  <datafield tag="526" ind1=" " ind2=" ">
    <subfield code="a">SEG40</subfield>
  </datafield>
  <datafield tag="526" ind1=" " ind2=" ">
    <subfield code="a">SEG39</subfield>
  </datafield>
  <datafield tag="526" ind1=" " ind2=" ">
    <subfield code="a">P94</subfield>
  </datafield>
  <datafield tag="526" ind1=" " ind2=" ">
    <subfield code="a">P87</subfield>
  </datafield>
  <datafield tag="526" ind1=" " ind2=" ">
    <subfield code="a">P86</subfield>
  </datafield>
  <datafield tag="526" ind1=" " ind2=" ">
    <subfield code="a">P85</subfield>
  </datafield>
  <datafield tag="526" ind1=" " ind2=" ">
    <subfield code="a">P77</subfield>
  </datafield>
  <datafield tag="526" ind1=" " ind2=" ">
    <subfield code="a">P76</subfield>
  </datafield>
  <datafield tag="526" ind1=" " ind2=" ">
    <subfield code="a">P35</subfield>
  </datafield>
  <datafield tag="600" ind1=" " ind2=" ">
    <subfield code="a">Filon de Alejandr&#xED;a, c.25 a.C.-c.50 d.C.</subfield>
    <subfield code="x">estudio</subfield>
  </datafield>
  <datafield tag="650" ind1="1" ind2="4">
    <subfield code="a">Literatura cristiana.</subfield>
  </datafield>
  <datafield tag="650" ind1="1" ind2="4">
    <subfield code="a">Judaismo.</subfield>
    <subfield code="9">1492</subfield>
  </datafield>
  <datafield tag="942" ind1=" " ind2=" ">
    <subfield code="2">ddc</subfield>
    <subfield code="c">BK</subfield>
  </datafield>
  <datafield tag="980" ind1=" " ind2=" ">
    <subfield code="8">1</subfield>
    <subfield code="g">ALBERTO SANCHEZ Responsable de Automatizaci&#xF3;n</subfield>
  </datafield>
  <datafield tag="999" ind1=" " ind2=" ">
    <subfield code="c">58039</subfield>
    <subfield code="d">58039</subfield>
  </datafield>
  <datafield tag="952" ind1=" " ind2=" ">
    <subfield code="r">2025-12-02 00:00:00</subfield>
    <subfield code="i">6</subfield>
    <subfield code="l">1</subfield>
    <subfield code="o">270.1816 R942p</subfield>
    <subfield code="p">40239</subfield>
    <subfield code="s">2024-10-29</subfield>
    <subfield code="t">e1</subfield>
    <subfield code="v">32.50</subfield>
    <subfield code="w">2015-06-16</subfield>
    <subfield code="x">FACTEO</subfield>
    <subfield code="y">BK</subfield>
    <subfield code="z">inventario-2023-12-13</subfield>
    <subfield code="1">0</subfield>
    <subfield code="2">ddc</subfield>
    <subfield code="5">0</subfield>
    <subfield code="7">0</subfield>
    <subfield code="8">GEN</subfield>
    <subfield code="f">P85</subfield>
    <subfield code="a">BUL</subfield>
    <subfield code="b">BUL</subfield>
    <subfield code="c">GEN</subfield>
    <subfield code="d">2015-06-16</subfield>
    <subfield code="e">COMPRA</subfield>
    <subfield code="g">27.50</subfield>
  </datafield>
</record>
